Stations in Havering, London - Statistics

General Stats
  • This quiz has been taken 47 times
  • The average score is 7 of 9
Answer Stats
Answer % Correct
Romford
100%
Gidea Park
87%
Harold Wood
87%
Upminster
87%
Emerson Park
81%
Upminster Bridge
81%
Elm Park
77%
Hornchurch
77%
Rainham
71%
No matching quizzes found
Score Distribution
Percent of People with Each Score
Percentile by Number Answered
Your Score History
You have not taken this quiz